000 00289nam a2200109Ia 4500
008 190216s9999||||xx |||||||||||||| ||und||
100 _aEdward Hasting Charilerslui
245 4 _aThe Theory Of Monopolistic Compeition
260 _bOxford University Press
650 _aEconomics
942 _cBK
999 _c9093
_d9093